000 00332nam a2200133Ia 4500
008 221030s9999 xx 000 0 und d
041 _aEnglish
100 _aK. K. Sharma
245 0 _aEngineering Physics Vol. II
_cby K. K. Sharma
260 _bKirti Publishers
_aJammu
_c2017
300 _a277
650 _aPhysics
942 _cBK
999 _c18315
_d18315